000 00519nam a2200169Ia 4500
003 GCL
008 140319s9999 xx 000 0 ara d
040 _aGCL /
_cGCL
082 0 4 _a810.9
_bع ف
100 1 _aعلى جواد الطاهر
245 1 0 _aفوات المحققين: نقد لكتب محققة من التراث /
_cعلى جواد الطاهر
300 _a413 ص
490 _aخزانة التراث
_v0
650 0 4 _aالادب العربى
650 0 4 _aالتراث العربى
942 _2ddc
_cBK
999 _c49271
_d49271